LEADER 01063nam a2200241 i 4500 001 000000139643 003 CaOOAMICUS 005 20050527000000.0 008 050527s1968 it u000 u ita u 013 $a113735 040 $aSeMil$bita 100 1 $aDe Fusco, Renato.$0(OLS)http://semarc/name/36949 245 12$aL'idea di architettura :$bstoria della critica da Viollet-le-Duc a Persico /$cRenato De Fusco. 260 $aMilano :$bEtas Kompass,$cstampa 1968. 300 $a108 p. :$briccamente ill. ;$c32 cm. 490 0 $aBiblioteca dell'architettura ;$v4 650 4$aArchitettura.$0(OLS)http://semarc/subject/1916 830 0$aBiblioteca dell'architettura ;$v4.$0(OLS)http://semarc/title/18089 850 $aSeMil 852 $aSeMil$W1$xVenegono$y1$m5I XVI 11$j93050$B93050$CSeMilBibl$Z2$F98439 $8I 961 $aOmaggio: Pelizzi Carla ved. Ferrari 996 $6245$aL'idea di architettura :$bstoria della critica da Viollet-le-Duc a Persico$9(OLS)http://semarc/title/204004 996 $6260$aMilano :$bEtas Kompass$9(OLS)http://semarc/publisher/33691 LEADER 01247nam a2200277 i 4500 001 000000036694 003 CaOOAMICUS 005 20140515000000.0 008 140515s1988 it u000 u ita u 013 $a6446 020 $a88-01-12830-4 040 $aSeMil$bita 240 10$aCommencements. La Genčse.$0(OLS)http://semarc/title/50951 245 10$aGenesi :$bagli inizi dell'umanitā e di un popolo /$c[traduzione di Giovanni Giorgis]. 260 $aLeumann (Torino) :$bElle Di Ci,$c1988. 300 $a179 p. ;$c21 cm. 490 0 $aIn ascolto. Commento liturgico ;$v1 650 4$aBibbia. Antico Testamento. Genesi - Commentari, studi, critica, interpretazioni.$0(OLS)http://semarc/subject/344 700 1 $aGiorgis, Giovanni.$0(OLS)http://semarc/name/17348 830 0$aIn ascolto. Commento liturgico ;$v1.$0(OLS)http://semarc/title/40651 850 $aSeMil 852 $aSeMil$W1$xVenegono$y1$m2Z I 255$j2849$B2849$CSeMilBibl$Z2$F2849 $81 961 $aOmaggio: Scuola Cattolica 996 $6020$a88-01-12830-4$9(OLS)http://semarc/number/5445 996 $6245$aGenesi :$bagli inizi dell'umanitā e di un popolo$9(OLS)http://semarc/title/50950 996 $6260$aLeumann (Torino) :$bElle Di Ci$9(OLS)http://semarc/publisher/29809